000 00560nam a2200181Ia 4500
005 20250326123701.0
008 250326s9999 xx 000 0 und d
037 _aTextbook
040 _aFMSL
_beng
_cFMSL
041 _aeng
_2eng
084 _aX8(A):89ZB M8
_qFMSL
100 _aPHD
_9735796
245 0 _aCEntral and state governm,ent incentives for industrial development
_cPHD
260 _aNew Delhi
_bNew Delhi, PHD Chamber of Commerce and Industry
_c1988
300 _a347p
942 _cTB
_hX8(A):89ZB M8
999 _c1270485
_d1270485